000 00516nam a2200193Ia 4500
003 OSt
005 20240605095139.0
008 210210b1983 xxu||||| |||| 00| 0 eng d
040 _cAL
041 _aKannada
082 _aK894.3 MADA
100 _aMADHU (B E).
_dಮಧು (ಬಿ ಇ)
_9169304
245 _aAshokagana.
_bಅಶೋಕಗಾನ
260 _aMaisuru
_bLakshmi Printing and Pablishing Haus
_c1983
300 _a163
690 _aKannada Fiction
_9169305
906 _aSG02033
942 _2ddc
_cBK
999 _c113511
_d113511